[Event "Scarborough CC Falling Leaves U1800"]
[Site "Toronto"]
[Date "2011.11.10"]
[Round "2"]
[White "Raphael, Raymond"]
[Black "Vyravanathan, Sobiga"]
[Result "1/2-1/2"]
[WhiteElo "1642"]
[BlackElo "1453"]
[PlyCount "82"]
[EventDate "2011.11.03"]
[EventType "swiss"]
[EventRounds "7"]
[EventCountry "CAN"]
[SourceTitle "EXT 2022"]
[Source "ChessBase"]
[SourceDate "2021.10.06"]
[SourceVersion "1"]
[SourceVersionDate "2021.10.06"]
[SourceQuality "1"]

1. e4 c5 2. Nf3 Nc6 3. d4 cxd4 4. Nxd4 Nf6 5. Nc3 d6 6. Be2 e6 7. Bg5 Be7 8. Nxc6 bxc6 9. Qd2 0-0 10. 0-0 Rb8 11. Rab1 Qc7 12. Rfd1 Rd8 13. Qe3 e5 14. h3 Be6 15. Qg3 Ne8 16. Bxe7 Qxe7 17. Bg4 Nf6 18. Bxe6 Qxe6 19. b3 d5 20. exd5 cxd5 21. f3 Rdc8 22. Qe1 d4 23. Ne4 Rxc2 24. Rd2 Rxd2 25. Nxd2 h6 26. Nc4 e4 27. Rd1 exf3 28. Qxe6 fxe6 29. Rxd4 fxg2 30. Kxg2 Kf7 31. Ne5+ Ke8 32. Kf3 Rd8 33. Rxd8+ Kxd8 34. Nc6+ Kc7 35. Nxa7 Kb6 36. Nc8+ Kb5 37. a4+ Kb4 38. Kf4 Ne8 39. Ke5 Kxb3 40. a5 Nc7 41. Kd6 Na6 1/2-1/2

[Event "Scarborough CC Howard Ridout U1800"]
[Site "Toronto"]
[Date "2011.10.20"]
[Round "5"]
[White "Tismenko, Tetyana"]
[Black "Vyravanathan, Sobiga"]
[Result "0-1"]
[WhiteElo "1477"]
[BlackElo "1388"]
[PlyCount "97"]
[EventDate "2011.09.08"]
[EventType "swiss"]
[EventRounds "6"]
[EventCountry "CAN"]
[SourceTitle "EXT 2022"]
[Source "ChessBase"]
[SourceDate "2021.10.06"]
[SourceVersion "1"]
[SourceVersionDate "2021.10.06"]
[SourceQuality "1"]

1. e4 c5 2. Nc3 Nc6 3. g3 Nf6 4. Bg2 e5 5. Nge2 Be7 6. 0-0 d6 7. h3 Bd7 8. f4 Qc8 9. Kh2 exf4 10. Nxf4 Ne5 11. Nfd5 Bd8 12. d4 cxd4 13. Qxd4 Qc4 14. Nxf6+ Bxf6 15. Qxd6 Qe6 16. Qxe6+ Bxe6 17. Nd5 Bd8 18. Bf4 f6 19. b3 Rc8 20. c4 b6 21. Rad1 h6 22. Rf2 Bg4 23. Rfd2 Be6 24. Rf1 Ng6 25. Bd6 Ne5 26. Rfd1 Nc6 27. Nf4 Bf7 28. Ba3 Be7 29. Bxe7 Nxe7 30. Rd7 Nc6 31. e5 Nxe5 32. Rxa7 0-0 33. Rd6 Rb8 34. Ra6 b5 35. c5 Rfc8 36. c6 Kh7 37. Ra7 Rb6 38. Rb7 Ra6 39. Rd2 Be8 40. c7 Nd7 41. Nd5 Re6 42. Rxb5 Re5 43. Rb7 Re6 44. a4 h5 45. a5 g6 46. b4 Kg7 47. b5 Ra8 48. a6 Bf7 49. Rc2 0-1

[Event "Scarborough CC Spring Into Summer U1700"]
[Site "Toronto"]
[Date "2011.05.26"]
[Round "4"]
[White "Vyravanathan, Sobiga"]
[Black "Philip, Andrew"]
[Result "0-1"]
[WhiteElo "1321"]
[BlackElo "1596"]
[PlyCount "146"]
[EventDate "2011.04.28"]
[EventType "swiss"]
[EventRounds "9"]
[EventCountry "CAN"]
[SourceTitle "EXT 2022"]
[Source "ChessBase"]
[SourceDate "2021.10.06"]
[SourceVersion "1"]
[SourceVersionDate "2021.10.06"]
[SourceQuality "1"]

1. e4 d5 2. exd5 Qxd5 3. Nc3 Qd6 4. d4 Nf6 5. Nf3 c6 6. Be2 Bg4 7. 0-0 e6 8. Bg5 Nbd7 9. Bh4 Qc7 10. Bg3 Bd6 11. Ne5 Bxe2 12. Qxe2 0-0 13. Nxd7 Qxd7 14. Bxd6 Qxd6 15. Qe5 Qd7 16. Ne4 Nxe4 17. Qxe4 Rfd8 18. c3 a5 19. a3 a4 20. Rfe1 Qe7 21. Re3 Qf6 22. Qe5 Qxe5 23. Rxe5 Rd5 24. Rae1 g6 25. Kf1 Raa5 26. Rxd5 cxd5 27. Ke2 Rb5 28. Rb1 Kg7 29. Kd3 Kf6 30. c4 Rb3+ 31. Kc2 dxc4 32. Rd1 Rb5 33. Kc3 Rb3+ 34. Kxc4 Rxb2 35. Rf1 Ke7 36. d5 b5+ 37. Kc5 exd5 38. Kxd5 Rb3 39. Ra1 Kd7 40. Kc5 Ke6 41. Re1+ Kf6 42. Re3 Rb2 43. Rf3+ Kg7 44. Kd4 b4 45. axb4 Rxb4+ 46. Kc3 Rb3+ 47. Kc2 Rxf3 48. gxf3 Kf6 49. Kb2 Kf5 50. Ka3 Kf4 51. Kxa4 f5 52. Kb3 Kxf3 53. Kc2 Kxf2 54. Kd2 g5 55. Kd3 h5 56. Kd4 Kf3 57. Ke5 f4 58. Kf5 Ke3 59. Kxg5 f3 60. Kxh5 f2 61. Kg4 f1Q 62. h4 Qg2+ 63. Kf5 Qe4+ 64. Kg5 Qf4+ 65. Kh5 Ke4 66. Kg6 Qxh4 67. Kf7 Qh6 68. Ke7 Ke5 69. Kd7 Qd6+ 70. Kc8 Qe7 71. Kb8 Kd6 72. Ka8 Kc6 73. Kb8 Qb7# 0-1

[Event "Scarborough CC Spring Into Summer U1700"]
[Site "Toronto"]
[Date "2011.05.12"]
[Round "2"]
[White "Wu, Mark"]
[Black "Vyravanathan, Sobiga"]
[Result "0-1"]
[WhiteElo "1052"]
[BlackElo "1321"]
[PlyCount "52"]
[EventDate "2011.04.28"]
[EventType "swiss"]
[EventRounds "9"]
[EventCountry "CAN"]
[SourceTitle "EXT 2022"]
[Source "ChessBase"]
[SourceDate "2021.10.06"]
[SourceVersion "1"]
[SourceVersionDate "2021.10.06"]
[SourceQuality "1"]

1. e4 c5 2. Nf3 Nc6 3. d4 cxd4 4. Nxd4 Nf6 5. Nc3 d6 6. Bd3 Nxd4 7. 0-0 Bg4 8. f3 Bh5 9. Be3 Nc6 10. Nd5 e6 11. Nxf6+ Qxf6 12. Re1 a6 13. Be2 Be7 14. c3 Rd8 15. Bb6 Rd7 16. Bd4 Nxd4 17. cxd4 0-0 18. Qa4 Rdd8 19. Qb4 d5 20. Qxb7 Qxd4+ 21. Kf1 Bf6 22. Qxa6 dxe4 23. Rab1 exf3 24. gxf3 Qh4 25. Kg1 Bd4+ 26. Kf1 Qh3# 0-1

[Event "CAN-ch U14 Girls"]
[Site "Windsor"]
[Date "2010.07.07"]
[Round "4"]
[White "Yun, Chang"]
[Black "Vyravanathan, Sobiga"]
[Result "1-0"]
[WhiteElo "1475"]
[BlackElo "1242"]
[PlyCount "65"]
[EventDate "2010.07.06"]
[EventType "swiss"]
[EventRounds "7"]
[EventCountry "CAN"]
[SourceTitle "EXT 2012"]
[Source "ChessBase"]
[SourceDate "2011.11.24"]
[SourceVersion "1"]
[SourceVersionDate "2011.11.24"]
[SourceQuality "1"]

1. e4 c5 2. Nf3 Nc6 3. d4 cxd4 4. Nxd4 Nf6 5. Nc3 d6 6. Bc4 e6 7. Be3 Bd7 8. Be2 Be7 9. g4 Nxd4 10. Bxd4 Qa5 11. f3 h6 12. Qd2 Rc8 13. h4 Qb4 14. 0-0-0 a5 15. a3 Qxc3 16. Bxc3 b6 17. g5 hxg5 18. hxg5 Nh7 19. Rdg1 Ba4 20. b3 Bd7 21. Bxg7 Rg8 22. Rxh7 d5 23. Kb2 dxe4 24. fxe4 Bc6 25. Bd3 Rd8 26. Qh2 Bc5 27. Rh8 Rxh8 28. Qxh8+ Kd7 29. Qh2 Bxg1 30. Qxg1 Rg8 31. Be5 b5 32. Qa7+ Kc8 33. Qc7# 1-0